Los valores corrientes, las diferencias de cambio y los gastos financieros en la resolución 148/81 del C.P.C.E.C.F. (Registro nro. 23724)

Detalles MARC
000 -LEADER
fixed length control field 00447 a2200121 4500
001 - CONTROL NUMBER
control field ART_9604
005 - DATE AND TIME OF LATEST TRANSACTION
control field 20260410161837.0
008 - FIXED-LENGTH DATA ELEMENTS--GENERAL INFORMATION
fixed length control field 260409a
100 1# - MAIN ENTRY--PERSONAL NAME
Personal name Wainstein, Mario
245 10 - TITLE STATEMENT
Title Los valores corrientes, las diferencias de cambio y los gastos financieros en la resolución 148/81 del C.P.C.E.C.F.
700 1# - ADDED ENTRY--PERSONAL NAME
Personal name del Castillo, Daniel
773 0# - HOST ITEM ENTRY
Title Contabilidad y administración
Related parts - Año 5, Nº 53 (nov. 1981)
Record control number REV5485

No hay ítems disponibles.